LDR 00573naa#a2200181#i#450# 001 EN\\bibl\123077 005 20260511201555.1 011 ## _a3034-4689 100 ## _a20260508b2026####ek#y0engy0150####ca 102 ## _aRU 200 1# _aCOMPARATIVE CHARACTERISTICS OF METHODS FOR INTENSIFYING HEAT TRANSFER IN TUBULAR AND LAMELLAR APPARATUSES _eJournal article 210 1# _aKazan _cKazan National Research Technological University _d2026 215 ## _a5 с. 608 ## _aJournal article _2local 700 #1 _a _g 700 #1 _aHamidullin _gR. N. 700 #1 _aAhmitshin _gA. A. 856 4# _avestniktu.ru _u